Routledge Handbook of Islamic Law (Record no. 14936)

MARC details
000 -LEADER
fixed length control field 00612nam a22002057a 4500
003 - CONTROL NUMBER IDENTIFIER
control field OSt
005 - DATE AND TIME OF LATEST TRANSACTION
control field 20190925143531.0
008 - FIXED-LENGTH DATA ELEMENTS--GENERAL INFORMATION
fixed length control field 190925b ||||| |||| 00| 0 eng d
020 ## - INTERNATIONAL STANDARD BOOK NUMBER
International Standard Book Number 9781138803176
040 ## - CATALOGING SOURCE
Original cataloging agency DLC
Language of cataloging eng
Description conventions rda
Transcribing agency NVIC
245 00 - TITLE STATEMENT
Title Routledge Handbook of Islamic Law
264 #1 - PRODUCTION, PUBLICATION, DISTRIBUTION, MANUFACTURE, AND COPYRIGHT NOTICE
Place of production, publication, distribution, manufacture New York, NY:
Name of producer, publisher, distributor, manufacturer Routledge,
Date of production, publication, distribution, manufacture, or copyright notice 2019
300 ## - PHYSICAL DESCRIPTION
Extent 449 p.,
Dimensions 27 cm
504 ## - BIBLIOGRAPHY, ETC. NOTE
Bibliography, etc Includes bibliographical references and index.
650 #0 - SUBJECT ADDED ENTRY--TOPICAL TERM
Topical term or geographic name as entry element Islamic law
General subdivision Methodology
-- History
700 1# - ADDED ENTRY--PERSONAL NAME
Personal name Khaled Abou El Fadl
Relator term editor
700 1# - ADDED ENTRY--PERSONAL NAME
Personal name Ahmad Atif Ahmad
Relator term editor
700 1# - ADDED ENTRY--PERSONAL NAME
Personal name Said Fares Hassan
Relator term editor
942 ## - ADDED ENTRY ELEMENTS (KOHA)
Source of classification or shelving scheme Dewey Decimal Classification
Koha item type Books
Holdings
Withdrawn status Lost status Source of classification or shelving scheme Damaged status Not for loan Home library Current library Shelving location Date acquired Total Checkouts Full call number Barcode Date last seen Price effective from Koha item type
    Dewey Decimal Classification     Netherlands-Flemish Institute in Cairo (NVIC) Library Netherlands-Flemish Institute in Cairo (NVIC) Library Main Library - 0.01 09/25/2019   B 1434 B 1434 09/25/2019 09/25/2019 Books